LEADER 00882nam0-22002891i-450- 001 990001707670403321 005 20070529151938.0 035 $a000170767 035 $aFED01000170767 035 $a(Aleph)000170767FED01 035 $a000170767 100 $a20030910d1935----km-y0itay50------ba 101 0 $aita 102 $aIT 200 1 $aNorme pratiche per l'esecuzione dei lavori di sistemazione idraulico forestale$fRenato Saldarelli 210 $aTorino$cTip. G. Montruchhio$d1935 215 $a170 p.$d24 cm 610 0 $aIdraulica forestale 676 $a634.93 700 1$aSaldarelli,$bRenato$0354884 801 0$aIT$bUNINA$gRICA$2UNIMARC 901 $aBK 912 $a990001707670403321 952 $a60 634.93 B 1$b32337$fFAGBC 959 $aFAGBC 996 $aNorme pratiche per l'esecuzione dei lavori di sistemazione idraulico forestale$9359290 997 $aUNINA LEADER 01759nam 22006135u 450 001 9910156321703321 005 20211006145135.0 010 $a9783318033250 010 $a3318033251 035 $a(CKB)3780000000101784 035 $a(OCoLC)1046112689 035 $a(SZ-BaSKA)221402 035 $a(PPN)268793190 035 $a(MiAaPQ)EBC31865510 035 $a(Au-PeEL)EBL31865510 035 $a(EXLCZ)993780000000101784 100 $a20211006d1988 uy 0 101 0 $aeng 135 $aurunu||||| 181 $ctxt$2rdacontent 182 $cc$2rdamedia 183 $acr$2rdacarrier 200 10$aNephrology and Dialysis Updated : $e18th Course on Advances in Nephrology and Dialysis, Milano, December 1986 / $f editors, G. D'Amico, G. Colasanti 205 $a1st ed. 210 $aBasel : $cS. Karger, $d1988 215 $a1 online resource (VI + 298 pages) : $c 43 figures, 58 tables 225 1 $aIssn Series 311 08$a9783805546737 311 08$a3805546734 410 0$aIssn Series 606 $aNephrology 606 $aImmunology 606 $aPathology 606 $aCardiovascular System 606 $aInfectious Diseases 606 $aPediatrics 606 $aVaccination 615 14$aNephrology 615 14$aImmunology 615 14$aPathology 615 24$aCardiovascular System 615 24$aInfectious Diseases 615 24$aPediatrics 615 24$aVaccination 676 $a616.6/1 700 $aD'Amico$b G 701 $aD'Amico$b G$g(Giuseppe),$f1929-$0573161 701 $aColasanti$b G$g(Giuliano)$01216798 801 0$bUKSKG 801 1$bUKSKG 906 $aBOOK 912 $a9910156321703321 996 $aNephrology and Dialysis Updated$92858047 997 $aUNINA LEADER 03191nam 2200721Ia 450 001 9910140769303321 005 20200520144314.0 010 $a9786612653896 010 $a9781119957546 010 $a1119957540 010 $a9781282653894 010 $a128265389X 010 $a9780470683019 010 $a0470683015 010 $a9780470683002 010 $a0470683007 035 $a(CKB)2670000000035036 035 $a(EBL)547213 035 $a(SSID)ssj0000414512 035 $a(PQKBManifestationID)11272339 035 $a(PQKBTitleCode)TC0000414512 035 $a(PQKBWorkID)10395515 035 $a(PQKB)10468906 035 $a(Au-PeEL)EBL547213 035 $a(CaPaEBR)ebr10399063 035 $a(CaONFJC)MIL265389 035 $a(iGPub)WILEYB0026691 035 $a(FINmELB)ELB178563 035 $a(OCoLC)654787176 035 $a(MiAaPQ)EBC547213 035 $a(Perlego)1011388 035 $a(EXLCZ)992670000000035036 100 $a20100312d2010 uy 0 101 0 $aeng 135 $aurcn||||||||| 181 $ctxt 182 $cc 183 $acr 200 10$aComparing clinical measurement methods $ea practical guide /$fBendix Carstensen 205 $a1st ed. 210 $aChichester, West Sussex $cJohn Wiley & Sons$d2010 215 $a1 online resource (178 p.) 225 1 $aStatistics in practice 300 $aDescription based upon print version of record. 311 08$a9780470694237 311 08$a0470694238 320 $aIncludes bibliographical references and index. 327 $aComparing Clinical Measurement Methods; Contents; Acknowledgments; 1 Introduction; 2 Method comparisons; 3 Howto. . .; 4 Two methods with a single measurement on each; 5 Replicate measurements; 6 Several methods of measurement; 7 A general model for method comparisons; 8 Transformation of measurements; 9 Repeatability, reproducibility and coefficient of variation; 10 Measures of association and agreement; 11 Design of method comparison studies; 12 Examples using standard software; 13 The MethComp package for R; References; Index 330 $aThis book provides a practical guide to analysis of simple and complex method comparison data, using Stata, SAS and R. It takes the classical Limits of Agreement as a starting point, and presents it in a proper statistical framework. The model serves as a reference for reporting sources of variation and for providing conversion equations and plots between methods for practical use, including prediction uncertainty.Presents a modeling framework for analysis of data and reporting of results from comparing measurements from different clinical centers and/or different methods 410 0$aStatistics in practice. 606 $aClinical trials$xEvaluation 606 $aClinical trials$xStatistical methods 615 0$aClinical trials$xEvaluation. 615 0$aClinical trials$xStatistical methods. 676 $a610.72/4 700 $aCarstensen$b Bendix$0522157 801 0$bMiAaPQ 801 1$bMiAaPQ 801 2$bMiAaPQ 906 $aBOOK 912 $a9910140769303321 996 $aComparing clinical measurement methods$9835659 997 $aUNINA